Vida de los doce Césares / (Record no. 141540)

MARC details
000 -CABECERA
campo de control de longitud fija 00879cam a22002654a 4500
003 - IDENTIFICADOR DEL NÚMERO DE CONTROL
campo de control UPN
005 - FECHA Y HORA DE LA ÚLTIMA TRANSACCIÓN
campo de control 20230513063553.0
008 - ELEMENTOS DE LONGITUD FIJA--INFORMACIÓN GENERAL
campo de control de longitud fija 090217s2001 es r 000 0cspa d
020 ## - NÚMERO INTERNACIONAL NORMALIZADO PARA LIBROS
Número Internacional Estándar del Libro 8426115128
035 ## - NÚMERO DE CONTROL DEL SISTEMA
Número de control de sistema UPN01000169434
040 ## - FUENTE DE LA CATALOGACIÓN
Centro catalogador/agencia de origen UPN
Lengua de catalogación spa
Centro/agencia transcriptor UPN
049 ## - COLECCIÓN
Colección CG
050 #4 - SIGNATURA TOPOGRÁFICA DE LA BIBLIOTECA DEL CONGRESO
Número de clasificación DG277
Número de documento/Ítem S83 2001b
100 1# - ASIENTO PRINCIPAL--NOMBRE PERSONAL
Nombre de persona Suetonio Tranquilo, Cayo,
Fechas asociadas al nombre ca. 69-140
9 (RLIN) 27904
245 10 - MENCIÓN DE TÍTULO
Título Vida de los doce Césares /
Mención de responsabilidad, etc. Suetonio ; estudio preliminar, notas y traducción directa y literal del latín por Vicente López Soto.
250 ## - MENCIÓN DE EDICIÓN
Mención de edición Sexta edición
260 ## - PUBLICACIÓN, DISTRIBUCIÓN, ETC.
Lugar de publicación, distribución, etc. Barcelona, España :
Nombre del editor, distribuidor, etc. Juventud,
Fecha de publicación, distribución, etc. 2001.
300 ## - DESCRIPCIÓN FÍSICA
Extensión 349 páginas
490 0# - MENCIÓN DE SERIE
Mención de serie Libros de bolsillo Z. Clásicos
650 #4 - ASIENTO SECUNDARIO DE MATERIA - TERMINO TEMATICO
Término de materia o nombre geográfico como elemento de entrada Emperadores romanos
9 (RLIN) 1646
651 #4 - ASIENTO SECUNDARIO DE MATERIA - NOMBRE GEOGRAFICO
Nombre geográfico Roma
Subdivisión general Historia
Subdivisión cronológica Imperio, 30 A.c.-284 D.c.
9 (RLIN) 4132
700 1# - ASIENTO SECUNDARIO--NOMBRE DE PERSONAL
Nombre de persona López Soto, Vicente
Término indicativo de función/relación traductor
9 (RLIN) 45870
905 ## - TIPO DE MATERIAL
Tipo de material Libro
942 ## - ELEMENTOS DE PUNTO DE ACCESO ADICIONAL (KOHA)
Fuente del sistema de clasificación o colocación Library of Congress Classification
Tipo de ítem Koha Libro
Holdings
Estado de retiro Estado de pérdida Fuente del sistema de clasificación o colocación Estado dañado No para préstamo Código de colección Localización permanente Ubicación/localización actual Ubicación en estantería Fecha de adquisición Clasificación Código de barras Fecha visto por última vez Tipo de ítem Koha
    Library of Congress Classification     Colección General Bib. Gregorio Torres Quintero Bib. Gregorio Torres Quintero Planta baja 19/08/2022 DG277 S83 2001b AP551 31/12/2020 Libro